| 000 | 01354cam a22002054a 4500 | ||
|---|---|---|---|
| 005 | 20250605164050.0 | ||
| 008 | 250528s ||||||||||||||||||||||||d | ||
| 035 | _a17252 | ||
| 020 | _a155415387 | ||
| 040 |
_aGR-AtMCL _bgre _dGR-AtMCL _eAACR2 |
||
| 245 | 1 | _aInternational Economics / A Policy Approach | |
| 250 | _a5th | ||
| 260 |
_bHarcourt Brace College Publishers, _c1987 |
||
| 300 | _a466 | ||
| 520 | _aPreface, World Trade and the American Economy, International Financial Relations, Statement of International Transactions, The International Currency System, National Income Determination in an Open Economy, Balance-of-Payments Adjustment Policies Under Fixed Exchange Rates, Exchange-Rate Adjustment, The Monetary Approach to the Balance of Payments, Exchange Control; Bilaterialism; Financial History, Reforming the International Monetary System, International Trade Relations, Why Nations Trade, The Commodity Composition of Trade, Protection of Domestic Industries: The Tariff, Non-Tariff Barriers (NTBs) to Trade, U.S. Commercial Policy, International and Regional Trade Organizations among Developed Countries, Selected Trade Problems of Developing Countries, International Mobility of Productive Factors, Appendices, Bibliography, Index. | ||
| 700 | 1 |
_aKreinin E. Mordechai _93411 |
|
| 942 | _cBK | ||
| 999 |
_c2680 _d2680 |
||